| 000 | 00449nam a2200145Ia 4500 | ||
|---|---|---|---|
| 999 |
_c19702 _d19702 |
||
| 082 | _aTS.0160 | ||
| 100 | _aSakhare, Seema | ||
| 245 | 0 | _aSample survey of women's opinion and behaviour relating to family life as correlates of educational status | |
| 260 |
_c1974 _bNagpur University |
||
| 300 | _a458p. + C D - 58 | ||
| 650 | _aWOMEN - MAHARASHTRA - VIDARBHA | ||
| 650 | _aWOMEN - SOCIO-ECONOMIC STATUS | ||
| 710 | _aVarma, M. | ||
| 942 |
_cTH _2ddc |
||